| 000 | 00413nam a2200157 i 4500 | ||
|---|---|---|---|
| 001 | 62365 | ||
| 003 | ES-MaACL | ||
| 005 | 20230906164644.0 | ||
| 007 | t| | ||
| 008 | 031120s1952 sp ||||1| spa d | ||
| 100 | 1 |
_aMaíz, B. Félix. _975634 |
|
| 245 | 1 | 0 |
_aAlzamiento en España / _cB. Felix Maiz. |
| 260 |
_aPamplona : _b[Gómez], _c1952. |
||
| 300 |
_a329 p. ; _c21 cm. |
||
| 852 |
_aES-MaACL _jD-7450 _bR.32572 |
||
| 999 |
_c62365 _d62365 |
||